| 000 | 03393cam a2200289 i 4500 | ||
|---|---|---|---|
| 001 | 17433205 | ||
| 003 | SISC | ||
| 005 | 20160922154439.0 | ||
| 008 | 120816s2013 enka b 001 0 eng | ||
| 010 | _a 2012031380 | ||
| 020 | _a9780470683460 (hbk.) | ||
| 020 | _a9780470683453 (pbk.) | ||
| 040 |
_aDLC _beng _cDLC _erda _dDLC |
||
| 042 | _apcc | ||
| 050 | 0 | 0 |
_aRC 451.4.M47 _b.P777 2013 |
| 082 | 0 | 0 | _a362.2 |
| 245 | 0 | 0 |
_aPsychological therapies for adults with intellectual disabilities / _cEdited by John L. Taylor, William R Lindsay, Richard P. Hastings and Chris Hatton. |
| 260 |
_aUK : _bJohn Wiley & Sons, Ltd., _c2013. |
||
| 300 |
_axv, 284 pages : _billustrations ; _c26 cm |
||
| 500 | _aIncludes bibliographical references and index. | ||
| 505 | 0 | _aAbout the editors -- About the contributors -- Foreword / by Tom Prout -- Mental health and emotional problems in people with intellectual disabilities / John L. Taylor -- Social and psychological factors as determinants of emotional and behavioural difficulties / Eric Emerson and Andrew Jahoda -- The assessment of mental health problems in adults with intellectual disabilities / Chris Hatton and John L. Taylor -- Preparing people with intellectual disabilities for psychological treatment / Dave Dagnan, Andrew Jahoda and Amy Kilbane -- Adapting psychological therapies for people with intellectual disabilities i : assessment and cognitive deficit considerations / William R. Lindsay, Andrew J. Jahoda, Paul Willner and John L. Taylor -- Adapting psychological therapies for people with intellectual disabilities ii : treatment approaches and modifications / William R. Lindsay, Andrew J. Jahoda and Paul Willner -- Cognitive behaviour therapy for anxiety disorders / William R Lindsay, Paul Willner and Peter Sturmey -- Cognitive behavioural therapy for mood disorders / Anna J. Esbensen and Sigan L. Hartley -- Anger control problems / John L Taylor and Raymond W Novaco -- Cognitive-behavioural therapy for people with intellectual disabilities and psychosis / Stephen C. Oathamshaw, Alastair L. Barrowcliff and Gillian Haddock -- Cognitive behavioural treatment for inappropriate sexual behaviour in men with intellectual disabilities / William R. Lindsay -- Developing psychotherapeutic interventions for people with autism spectrum disorders / Dougal Julian Hare -- Supporting care staff using mindfulness and acceptance-based approaches / Stephen J. Noone -- Behavioural approaches to working with mental health problems / Robert S. P. Jones and Alan Dowey -- Psychodynamic psychotherapy and people with intellectual disabilities / Nigel Beail and Tom Jackson -- Mindfulness-based approaches / Nirbhay N. Singh, Giulio E. Lancioni, Alan S.W. Winton, Angela D. A. Singh, Ashvind N. A. Singh and Judy Singh -- Psychological therapies for adults with intellectual disabilities : future directions for research and practice / Richard P. Hastings, Chris Hatton, William R Lindsay and John L. Taylor -- Index. | |
| 650 | 0 |
_aPeople with mental disabilities _xPsychology. |
|
| 650 | 0 |
_aPeople with mental disabilities _xCounseling of. |
|
| 906 |
_a7 _bcbc _corignew _d1 _eecip _f20 _gy-gencatlg |
||
| 942 |
_2lcc _cBK |
||
| 999 |
_c305110 _d305110 |
||